000 00884cad a22002055a 4500
001 L151239
008 101010e20101007xxk f 000 0 eng d
035 _a(Sirsi) u151239
041 0 _aeng
050 0 4 _a333.33 $2 18
110 2 _aLloyds Banking Group
_95822
245 0 0 _aHalifax house price index
_bSeptember 2010
_h[electronic resource]
260 _aLondon
_bLloydsbankinggroup
_c2010
520 _aUnited Kingdom house prices decreased by 3.6% in September 2010. House prices in 3 Qr 2010 were 0.9% lower than in 2 Qr. Prospects for the housing market remain uncertain.
590 _aKA
651 4 _aUnited Kingdom
_y
690 _aPROPERTY-RESIDENTIAL PROPERTY-RESIDENTIAL PROPERTY MARKET
856 4 0 _uhttps://www.lloydsbankinggroup.com/media/pdfs/research/2010/HousePriceIndexAugust2010.pdf
_zView this item free of charge at www.lloydsbankinggroup.com
942 _n0
999 _c111246
_d111246